00829nam a2200193 i 450000100060000000300090000600500170001500700030003200800410003510000400007624500860011626001110020230000460031371000340035971000710039385200320046499900170049695201220051369355ES-MaACL20230906170512.0t|040705s1953 sp ||||1| spa d1 aGarcía y Bellido, Antonio.95542613aLa Península Ibérica en los comienzos de su historia / cA. García Bellido. aMadrid : bInstituto Rodrigo Caro : bConsejo Superior de Investigaciones Científicas, c1953 (fIbarra) aVIII, 695 p., 8 lám. : bil. ; c21 cm.2 aInstituto Rodrigo Caro.952282 aConsejo Superior de Investigaciones Científicas (España)93236 aES-MaACLjLC-5819 bR.34811 c69355d69355 00104070aATENEOMbATENEOMcDEPO1d2008-01-17eSCl0oLC-5819p1072624r2023-02-23 00:00:00w2023-02-23yMONOGRAFIA